Tattoos.

Uloženo v:
Podrobná bibliografie
Hlavní autoři: Schiffmacher, Henk (Autor), Riemschneider, Burkhard (Autor)
Médium: Kniha
Vydáno: Köln, Germany: Taschen, 2001.
Edice:Icons.
Témata:
Tagy: Přidat tag
Žádné tagy, Buďte první, kdo vytvoří štítek k tomuto záznamu!

MARC

LEADER 00000nam a22000007a 4500
003 CL-VaPUC
005 20250321101913.0
008 250109t2001 ||||| |||| 00| 0 eng d
999 |c 446387  |d 446385 
040 |c Pontificia Universidad Católica de Valparaíso 
082 7 |a 391.65 SCH 2001  |2 22 
100 |9 895144  |a Schiffmacher, Henk  |e author 
245 |a Tattoos. 
260 |a Köln, Germany:  |b Taschen,  |c 2001. 
300 |a 191 paginas:  |b fotografías. 
490 |a Icons. 
500 |a c.1 Instituto Arcos. 08-01-2025. 
583 |c 20250109  |k Gabriela Rodríguez Cuevas 
650 0 |9 330793  |a Tatuajes  |v Fotografías 
650 0 |9 877000  |a Arte corporal   |x Tatuajes  |x Historia 
700 |9 495750  |a Riemschneider, Burkhard  |e author 
942 |2 ddc  |c BK  |n 0 
952 |0 0  |1 0  |2 ddc  |4 0  |6 391_650000000000000_SCH_2001  |7 0  |9 599004  |a BIBINC  |b BIBINC  |c GEN  |d 2025-01-09  |e Instituto Arcos  |i 5663934  |l 2  |o 391.65 SCH 2001  |p 5663934  |r 2025-04-21  |s 2025-04-15  |t 1  |w 2025-01-09  |y BK  |k IFP